000 004140000a22001570004500
020 _a84-8280-196-1
041 0 _aSPA
082 0 4 _aG 851.75 L587c
100 1 _aLeopardi, Giacomo (1798-1837)
245 1 0 _aCantos / Giacomo Leopardi ; Diego Navarro, Traductor
260 _aBogotá : Oveja Negra
300 _a166 Pag
440 0 _aColección Historia Universal de la Literatura
001 13156
942 _cBK
999 _c42146
_d42146